| 000 | 00382nam a2200145Ia 4500 | ||
|---|---|---|---|
| 008 | 240624s9999 xx 000 0 und d | ||
| 041 | _aeng | ||
| 082 | _a658.408 SIM | ||
| 100 | _aREUVID JONATHAN | ||
| 245 | _aSUSTAINABLE ENTERPRISE PROFITING FROM BE | ||
| 250 | _a(2nd ed.) | ||
| 260 |
_c2007 _aNew Delhi _bKogan Page |
||
| 300 | _axxii, : 231 : p. : cm. ; 24 | ||
| 365 |
_cRS _b27 |
||
| 999 |
_c15511 _d15511 |
||